La escuela y la cuestión social : (Record no. 152674)
[ view plain ]
| 000 -LEADER | |
|---|---|
| fixed length control field | nam a22 7a 4500 |
| 005 - DATE AND TIME OF LATEST TRANSACTION | |
| control field | 20191105115301.0 |
| 008 - FIXED-LENGTH DATA ELEMENTS--GENERAL INFORMATION | |
| fixed length control field | 191105b ag ||||| |||| 00| 0 spa d |
| 020 ## - INTERNATIONAL STANDARD BOOK NUMBER | |
| International Standard Book Number | 9789871220885 |
| 050 04 - LIBRARY OF CONGRESS CALL NUMBER | |
| Classification number | LC191.8.A54 |
| Item number | T46 2007 |
| 100 1# - MAIN ENTRY--PERSONAL NAME | |
| Personal name | Tenti Fanfani, Emilio |
| Dates associated with a name | [1945- ] |
| 245 13 - TITLE STATEMENT | |
| Title | La escuela y la cuestión social : |
| Remainder of title | ensayos de sociología de la educación / |
| Statement of responsibility, etc | Emilio Tenti Fanfani |
| 260 ## - PUBLICATION, DISTRIBUTION, ETC. (IMPRINT) | |
| Place of publication, distribution, etc | Argentina : |
| Name of publisher, distributor, etc | Siglo Veintiuno, |
| Date of publication, distribution, etc | 2007 |
| 300 ## - PHYSICAL DESCRIPTION | |
| Extent | 268 páginas ; |
| Dimensions | 21 cm |
| 490 ## - SERIES STATEMENT | |
| Series statement | Sociología y política. |
| -- | Educación y sociedad |
| 504 ## - BIBLIOGRAPHY, ETC. NOTE | |
| Bibliography, etc | Bibliografía p. 263-268 |
| 650 #7 - SUBJECT ADDED ENTRY--TOPICAL TERM | |
| Source of heading or term | lemb |
| Topical term or geographic name as entry element | Educación |
| General subdivision | Aspectos sociales |
| Geographic subdivision | América Latina |
| 650 #7 - SUBJECT ADDED ENTRY--TOPICAL TERM | |
| Source of heading or term | lemb |
| Topical term or geographic name as entry element | Sociología de la educación |
| 942 ## - ADDED ENTRY ELEMENTS (KOHA) | |
| Source of classification or shelving scheme | Biblioteca del Cogreso de los Estados Unidos |
| Koha item type | Libro |
| Estado de pérdida | Fuente de clasificación | Estado del daño | No para préstamo | Ubicación permanente | Ubicación actual | Apartado o colección | Fecha de adquisición | Área del conocimiento | Clasificación | Código de Barras | Date last seen | Número de copia | Costo por reposición | Tipo de recurso |
|---|---|---|---|---|---|---|---|---|---|---|---|---|---|---|
| Biblioteca del Cogreso de los Estados Unidos | Biblioteca del Instituto de Investigaciones Históricas | Biblioteca del Instituto de Investigaciones Históricas | General | 05/11/2019 | Educación y Humanidades | LC191.8.A54 T46 2007 | IIH000029451 | 05/11/2019 | C:1 | 1.00 | Libro |